| 000 | 00643nam a22001937a 4500 | ||
|---|---|---|---|
| 999 |
_c170726 _d170726 |
||
| 005 | 20191224105906.0 | ||
| 010 | _aA-485675 | ||
| 020 | _c400.00 | ||
| 035 | _aA-485675 | ||
| 037 | _bBPPD/Pub. | ||
| 082 | _a840.9 | ||
| 100 | _aوھاب اشرفی | ||
| 245 |
_aتاریخے ادبیات عالم (جلد اول) / _cوھاب اشرفی |
||
| 246 |
_aTareekh-E-Adabyat Alam vol.I (Urdu) / _bby Wahab Ashrafi |
||
| 260 |
_aDelhi _bEducational Publishing House _c1992 ء |
||
| 270 |
_a3108, Gali Azizuddin Vakil, Kucha Pandit, Lal Kuan _bDelhi _e110006 |
||
| 300 |
_a456 ص _c21cm(Hb) |
||
| 942 |
_2ddc _cUR _h840.9 _mو ہ ا |
||